[Event "Bethune op-A 25th"]
[Site "Bethune"]
[Date "2004.12.29"]
[Round "5"]
[White "Guliyev, Namig"]
[Black "Houdart, David"]
[Result "1-0"]
[WhiteElo "2509"]
[BlackElo "2236"]
[PlyCount "80"]
[EventDate "2004.12.26"]
[EventType "swiss"]
[EventRounds "7"]
[EventCountry "FRA"]
[SourceTitle "CBM 104 Extra"]
[Source "ChessBase"]
[SourceDate "2005.03.01"]
[SourceVersion "1"]
[SourceVersionDate "2005.03.01"]
[SourceQuality "1"]

1. e4 c5 2. Nf3 e6 3. d4 cxd4 4. Nxd4 a6 5. Bd3 Nf6 6. 0-0 Qc7 7. Qe2 d6 8. c4 Nbd7 9. Nc3 Be7 10. b3 0-0 11. Bb2 b6 12. Rad1 Bb7 13. Bb1 Rfe8 14. f4 Rac8 15. Qf3 g6 16. Kh1 Bf8 17. Nc2 Qb8 18. Ne3 Qa8 19. Rfe1 Nh5 20. Nf1 f5 21. Ng3 Nhf6 22. Qe2 Nc5 23. e5 Ng4 24. exd6 Rcd8 25. b4 Nd7 26. a3 Nh6 27. Ba2 Nf7 28. c5 bxc5 29. Bxe6 Bg7 30. Qf2 cxb4 31. axb4 Nf6 32. Ba1 Ng4 33. Qa2 Bxg2+ 34. Kg1 Kf8 35. Qxg2 Qa7+ 36. Kf1 Ne3+ 37. Rxe3 Qxe3 38. Bxf7 Kxf7 39. Qb7+ Kf8 40. Qxg7+ Kxg7 1-0

[Event "Le Touquet op 19th"]
[Site "Le Touquet"]
[Date "2004.10.28"]
[Round "6"]
[White "Houdart, David"]
[Black "Kononenko, Tatiana"]
[Result "0-1"]
[WhiteElo "2236"]
[BlackElo "2305"]
[PlyCount "94"]
[EventDate "2004.10.25"]
[EventType "swiss"]
[EventRounds "9"]
[EventCountry "FRA"]
[SourceTitle "EXT 2005"]
[Source "ChessBase"]
[SourceDate "2004.11.15"]
[SourceVersion "1"]
[SourceVersionDate "2004.11.15"]
[SourceQuality "1"]

1. Nf3 d5 2. d4 Nf6 3. c4 c6 4. Nc3 dxc4 5. a4 Bf5 6. e3 e6 7. Bxc4 Bb4 8. 0-0 Nbd7 9. Nh4 0-0 10. Nxf5 exf5 11. Qc2 g6 12. f3 Rc8 13. Qb3 Qb6 14. Na2 Bd6 15. Qxb6 Nxb6 16. Bb3 c5 17. a5 Nbd7 18. Nc3 cxd4 19. exd4 a6 20. Bg5 Kg7 21. Rfd1 h6 22. Bh4 Rfd8 23. Bg3 Nf8 24. Bxd6 Rxd6 25. Ra4 b5 26. axb6 Rxb6 27. Ra3 Rcb8 28. Bc4 Rxb2 29. Bxa6 Ne6 30. d5 Nf4 31. Bf1 R2b3 32. Rxb3 Rxb3 33. Ne2 N4xd5 34. Nd4 Rb2 35. Re1 f4 36. g3 fxg3 37. hxg3 Nh5 38. Ne2 f5 39. Kf2 Nc3 40. g4 Nf4 41. Ke3 Ncxe2 42. Rxe2 Nxe2 43. Bxe2 fxg4 44. fxg4 Kf6 45. Ba6 Kg5 46. Bc8 Rb3+ 47. Kf2 Kf4 0-1

[Event "Charleroi op 3rd"]
[Site "Charleroi"]
[Date "2004.08.01"]
[Round "2"]
[White "Houdart, David"]
[Black "Foisor, Mihaela Veronica"]
[Result "1-0"]
[WhiteElo "2216"]
[BlackElo "1969"]
[PlyCount "35"]
[EventDate "2004.07.03"]
[EventType "swiss"]
[EventRounds "9"]
[EventCountry "BEL"]
[SourceTitle "CBM 101 Extra"]
[Source "ChessBase"]
[SourceDate "2004.09.01"]
[SourceVersion "2"]
[SourceVersionDate "2004.09.01"]
[SourceQuality "1"]

1. Nf3 d5 2. d4 c5 3. c4 dxc4 4. d5 Nf6 5. Nc3 e6 6. e4 exd5 7. e5 d4 8. Bxc4 dxc3 9. Bxf7+ Ke7 10. exf6+ gxf6 11. Bd5 Bg7 12. 0-0 Re8 13. bxc3 Kf8 14. Be3 Qc7 15. Rb1 Rd8 16. Qb3 Nd7 17. Bg8 Nb6 18. Bxc5+ 1-0

[Event "FRA-chT3 North 0304"]
[Site "France"]
[Date "2004.04.03"]
[Round "8.2"]
[White "Bertrand, Xavier"]
[Black "Houdart, David"]
[Result "0-1"]
[WhiteElo "2137"]
[BlackElo "2177"]
[PlyCount "130"]
[EventDate "2003.11.??"]
[EventType "team"]
[EventRounds "9"]
[EventCountry "FRA"]
[SourceTitle "EXT 2006"]
[Source "ChessBase"]
[SourceDate "2005.11.24"]
[SourceVersion "1"]
[SourceVersionDate "2005.11.24"]
[SourceQuality "1"]
[WhiteTeam "Neuville en Ferrain"]
[BlackTeam "Aulnoye"]
[WhiteTeamCountry "FRA"]
[BlackTeamCountry "FRA"]

1. d4 d5 2. Nf3 Nf6 3. e3 e6 4. Bd3 c5 5. b3 Nc6 6. 0-0 Bd6 7. Bb2 0-0 8. Nbd2 a6 9. Ne5 Qc7 10. Nxc6 bxc6 11. Nf3 cxd4 12. exd4 a5 13. c4 Ba6 14. Rc1 Qb7 15. Rb1 Rfb8 16. Bc1 h6 17. Bd2 Qc7 18. Qc2 a4 19. Rfc1 Ba3 20. Re1 Bb4 21. Ne5 c5 22. Bxb4 cxb4 23. c5 Bxd3 24. Nxd3 a3 25. f3 Ne8 26. Rbc1 Qa7 27. Qd2 Nc7 28. Qf4 Ne8 29. Rc2 Qc7 30. Qd2 Qa5 31. Qf4 Qb5 32. Ne5 f6 33. Ng4 h5 34. Nf2 Qc6 35. Nd3 g5 36. Qd2 Ng7 37. Nxb4 Qb5 38. Nd3 Nf5 39. Nc1 Ra6 40. Ne2 Kf7 41. Ng3 Nxg3 42. hxg3 Re8 43. f4 Rg8 44. Qe2 Qxe2 45. Rcxe2 gxf4 46. gxf4 Rg4 47. Rf2 Kg6 48. b4 Kf5 49. Rb1 Rg8 50. b5 Ra4 51. Rc2 Ke4 52. Rb3 Kxd4 53. c6 Rc4 54. Re2 e5 55. Rxa3 e4 56. Rb3 Kc5 57. Kf2 f5 58. Reb2 d4 59. c7 Kb6 60. Ra3 Rxc7 61. Ra6+ Kb7 62. Rd6 d3 63. Rd5 Rc2+ 64. Rxc2 dxc2 65. Rc5 Rc8 0-1

[Event "Bethune op 24th"]
[Site "Bethune"]
[Date "2003.12.27"]
[Round "2"]
[White "Van der Stricht, Geert"]
[Black "Houdart, David"]
[Result "1/2-1/2"]
[WhiteElo "2468"]
[BlackElo "2184"]
[PlyCount "206"]
[EventDate "2003.12.26"]
[EventType "swiss"]
[EventRounds "9"]
[EventCountry "FRA"]
[SourceTitle "CBM 098 Extra"]
[Source "ChessBase"]
[SourceDate "2004.03.10"]
[SourceVersion "2"]
[SourceVersionDate "2004.03.10"]
[SourceQuality "1"]

1. d4 d5 2. c4 c6 3. Nc3 Nf6 4. e3 a6 5. Qc2 b5 6. b3 Bg4 7. Nge2 e6 8. Ng3 Bd6 9. h3 Bh5 10. Nxh5 Nxh5 11. Bd3 g6 12. Bb2 0-0 13. c5 Bc7 14. g4 Nf6 15. f4 Ne8 16. h4 f5 17. h5 Nf6 18. hxg6 hxg6 19. gxf5 exf5 20. 0-0-0 Ng4 21. Rh3 Nd7 22. Kb1 Qc8 23. Rg1 Ndf6 24. Be2 Kg7 25. Bxg4 fxg4 26. Rh4 b4 27. Nd1 Rh8 28. Rxh8 Qxh8 29. Qg2 Qh3 30. Nf2 Qxe3 31. Nxg4 Qxf4 32. Ne5 Qf5+ 33. Ka1 Bxe5 34. dxe5 Ne4 35. e6+ Nc3 36. Qg3 Qxe6 37. Qc7+ Qf7 38. Qe5+ Qf6 39. Qc7+ Kf8 40. Qb7 Re8 41. Qxb4 Qf2 42. Rc1 d4 43. Bxc3 dxc3 44. Qxc3 Qf4 45. Rd1 Qe5 46. Qxe5 Rxe5 47. Rd6 Rxc5 48. Rxg6 Ke7 49. Rg7+ Kd6 50. Kb2 Rb5 51. Ra7 a5 52. Ka3 Ke5 53. Ra6 Kd6 54. Ka4 Rh5 55. Rxa5 Rh2 56. a3 Kc7 57. Re5 Kb6 58. Re4 Rh1 59. Rb4+ Ka6 60. Rg4 Kb6 61. Kb4 Rh5 62. a4 Rf5 63. Re4 Rh5 64. a5+ Kb7 65. Ka4 Rh1 66. Rb4+ Ka7 67. Re4 Kb7 68. Kb4 Rh5 69. Re3 Rh4+ 70. Ka3 Rh1 71. Re5 Ka6 72. Rc5 Kb7 73. b4 Rh3+ 74. Kb2 Rh1 75. Rc3 Rh2+ 76. Kb3 Rh1 77. Re3 Rb1+ 78. Kc4 Rc1+ 79. Rc3 Rh1 80. Rd3 Rc1+ 81. Kd4 Rb1 82. Kc3 Rc1+ 83. Kb2 Rh1 84. Rd7+ Ka6 85. Rc7 Kb5 86. Rb7+ Kc4 87. a6 Rh2+ 88. Ka3 Rh1 89. Kb2 Rh2+ 90. Kc1 Kc3 91. Kd1 Rd2+ 92. Ke1 Ra2 93. a7 Kc4 94. Kd1 Kc3 95. Ke1 Kc4 96. Kf1 Kc3 97. Kg1 Kc4 98. Kh1 Kc3 99. Kg1 Kc4 100. Kf1 Kc3 101. Ke1 Kc4 102. Rb6 Rxa7 103. Rxc6+ Kxb4 1/2-1/2

[Event "Charleroi op 2nd"]
[Site "Charleroi"]
[Date "2003.08.23"]
[Round "1.17"]
[White "Houdart, David"]
[Black "Krasucki, Youri"]
[Result "1-0"]
[WhiteElo "2164"]
[BlackElo "1669"]
[PlyCount "41"]
[EventDate "2003.08.23"]
[EventType "swiss"]
[EventRounds "9"]
[EventCountry "BEL"]
[SourceTitle "EXT 2004"]
[Source "ChessBase"]
[SourceDate "2003.11.25"]
[SourceVersion "1"]
[SourceVersionDate "2003.11.25"]
[SourceQuality "1"]

1. Nf3 d5 2. d4 Nf6 3. c4 c6 4. g3 e6 5. Bg2 Bd6 6. 0-0 0-0 7. Qc2 Nbd7 8. Rd1 Re8 9. Nbd2 b6 10. e4 dxe4 11. Nxe4 Nxe4 12. Qxe4 Bb7 13. Qc2 Qc7 14. Ng5 Nf6 15. c5 Be7 16. Bf4 Qd7 17. Be5 g6 18. Rac1 Rac8 19. h4 Red8 20. Qe2 Qe8 21. Be4 1-0

[Event "BEL FEFB-ch"]
[Site "Amay"]
[Date "2003.06.01"]
[Round "4"]
[White "Houdart, David"]
[Black "Wantiez, Fabrice"]
[Result "1-0"]
[WhiteElo "2144"]
[BlackElo "2241"]
[PlyCount "110"]
[EventDate "2003.05.29"]
[EventType "swiss"]
[EventRounds "7"]
[EventCountry "BEL"]
[SourceTitle "EXT 2008"]
[Source "ChessBase"]
[SourceDate "2007.11.25"]
[SourceVersion "1"]
[SourceVersionDate "2007.11.25"]
[SourceQuality "1"]

1. Nf3 Nf6 2. c4 c5 3. Nc3 Nc6 4. g3 e5 5. Bg2 d6 6. d3 Be7 7. 0-0 Bg4 8. a3 Qd7 9. Rb1 Bh3 10. b4 Bxg2 11. Kxg2 0-0 12. e3 Rfe8 13. Nd5 cxb4 14. Nxf6+ Bxf6 15. axb4 d5 16. b5 Ne7 17. e4 dxe4 18. dxe4 Qe6 19. Qc2 Rec8 20. Rb4 a6 21. bxa6 Qxa6 22. Be3 Nc6 23. Rb6 Qa3 24. Rd1 Bd8 25. Rxb7 Na5 26. Rbd7 Bf6 27. c5 Rab8 28. R1d3 Rb3 29. Rxb3 Qxb3 30. Qxb3 Nxb3 31. Rb7 Na5 32. Rb4 g6 33. Nd2 Nc6 34. Ra4 Nd4 35. Bxd4 exd4 36. Rc4 d3 37. f4 Bd8 38. Kf3 Ba5 39. Nb3 Rd8 40. Rd4 Rxd4 41. Nxd4 Kf8 42. Ke3 d2 43. Ke2 Bb4 44. Nb3 Ke7 45. Nxd2 Bxc5 46. Nf3 h5 47. h3 Ke6 48. Ne1 Bd4 49. Kf3 Bb6 50. Nd3 Bd8 51. f5+ gxf5 52. Nf4+ Ke5 53. exf5 Kxf5 54. Nxh5 Kg5 55. Nf4 f5 1-0

[Event "Charleroi op 1st"]
[Site "Charleroi"]
[Date "2002.08.20"]
[Round "4"]
[White "Houdart, David"]
[Black "Giadrosic, Dinko"]
[Result "1-0"]
[WhiteElo "2086"]
[BlackElo "1983"]
[PlyCount "45"]
[EventDate "2002.08.17"]
[EventType "swiss"]
[EventRounds "7"]
[EventCountry "BEL"]
[SourceTitle "EXT 2003"]
[Source "ChessBase"]
[SourceDate "2002.11.25"]
[SourceVersion "1"]
[SourceVersionDate "2002.11.25"]
[SourceQuality "1"]

1. Nf3 d6 2. d4 Nf6 3. c4 Nbd7 4. Nc3 e5 5. e4 Be7 6. Be2 0-0 7. 0-0 c6 8. Re1 Qc7 9. b4 d5 10. exd5 Bxb4 11. Qb3 Bxc3 12. Qxc3 e4 13. dxc6 exf3 14. cxd7 fxe2 15. dxc8Q Raxc8 16. c5 Rfe8 17. Be3 Ng4 18. g3 b6 19. Rac1 bxc5 20. Rxe2 Qb7 21. dxc5 Nxe3 22. fxe3 Qf3 23. Rf2 1-0

[Event "Bethune op 22nd"]
[Site "Bethune"]
[Date "2001.12.30"]
[Round "7"]
[White "Houdart, David"]
[Black "Boudre, Jean Pierre"]
[Result "0-1"]
[WhiteElo "2122"]
[BlackElo "2384"]
[PlyCount "90"]
[EventDate "2001.12.26"]
[EventType "swiss"]
[EventRounds "7"]
[EventCountry "FRA"]
[SourceTitle "CBM 085 Extra"]
[Source "ChessBase"]
[SourceDate "2002.01.21"]
[SourceVersion "1"]
[SourceVersionDate "2002.01.21"]
[SourceQuality "1"]

1. Nf3 d5 2. d4 Nf6 3. c4 c6 4. Nc3 e6 5. Bg5 h6 6. Bh4 dxc4 7. Bxf6 gxf6 8. e4 b5 9. Be2 Bb7 10. 0-0 a6 11. a3 Nd7 12. Re1 Qb6 13. Bf1 Rg8 14. Rc1 Rd8 15. Qc2 Qc7 16. Rcd1 Qf4 17. g3 Qxf3 18. Be2 Qf4 19. e5 f5 20. Bh5 Qg5 21. Qe2 Nb6 22. f4 Qg7 23. Qd2 Be7 24. Ne2 Nd5 25. Nc3 Rd7 26. Nxd5 Rxd5 27. Qf2 Bd8 28. Bf3 Bb6 29. Bxd5 cxd5 30. Qe2 Qg4 31. Qxg4 Rxg4 32. Kg2 Ke7 33. Kf3 Rg8 34. Re2 Bc6 35. Rc2 b4 36. Rdc1 bxa3 37. bxa3 Ba4 38. Rd2 Bb3 39. Ke3 Rb8 40. Rg2 Ba5 41. Rb2 Rb5 42. h3 h5 43. Rbb1 c3 44. Kd3 c2 45. Rb2 Bc4+ 0-1

[Event "Bethune op 22nd"]
[Site "Bethune"]
[Date "2001.12.26"]
[Round "2"]
[White "Miezis, Normunds"]
[Black "Houdart, David"]
[Result "1-0"]
[WhiteElo "2501"]
[BlackElo "2122"]
[PlyCount "43"]
[EventDate "2001.12.26"]
[EventType "swiss"]
[EventRounds "7"]
[EventCountry "FRA"]
[SourceTitle "CBM 085 Extra"]
[Source "ChessBase"]
[SourceDate "2002.01.21"]
[SourceVersion "1"]
[SourceVersionDate "2002.01.21"]
[SourceQuality "1"]

1. c4 e5 2. Nc3 Nf6 3. g3 c6 4. Nf3 e4 5. Nd4 d5 6. cxd5 cxd5 7. d3 Nc6 8. Nxc6 bxc6 9. dxe4 d4 10. e5 Ng4 11. Ne4 Nxe5 12. Bg2 Ba6 13. 0-0 Be7 14. Bf4 Ng6 15. Qa4 Bxe2 16. Qxc6+ Kf8 17. Bc7 Rc8 18. Rfc1 Ne5 19. Qb7 Qd7 20. Nc5 Qf5 21. Bxe5 Bxc5 22. Bxd4 1-0

[Event "BEL-ch op"]
[Site "Geel"]
[Date "1999.08.??"]
[Round "1.4"]
[White "Houdart, David"]
[Black "Renette, Hans"]
[Result "0-1"]
[WhiteElo "1747"]
[BlackElo "2173"]
[PlyCount "70"]
[EventDate "1999.08.21"]
[EventType "swiss"]
[EventRounds "9"]
[EventCountry "BEL"]
[SourceTitle "EXT 2021"]
[Source "ChessBase"]
[SourceDate "2020.10.23"]
[SourceVersion "1"]
[SourceVersionDate "2020.10.23"]
[SourceQuality "1"]

1. e4 Nc6 2. Nf3 f5 3. exf5 d5 4. Bb5 Bxf5 5. Nd4 Bd7 6. Bxc6 bxc6 7. 0-0 e6 8. Re1 Qf6 9. Qe2 Qxd4 10. c3 Qf6 11. d4 Bd6 12. Nd2 Ne7 13. Nf3 0-0 14. Bg5 Qf7 15. Qc2 Ng6 16. h4 Qf5 17. Qd2 Nf4 18. Ne5 Bxe5 19. Rxe5 Qf7 20. Rae1 h6 21. Bxf4 Qxf4 22. Qc2 Qxh4 23. g3 Qf6 24. f4 Rf7 25. Kg2 Raf8 26. Rh1 Be8 27. Qe2 Re7 28. f5 Ref7 29. Rxe6 Qxf5 30. Rxe8 Qf2+ 31. Kh3 Rxe8 32. Qxe8+ Kh7 33. Qxc6 Qf5+ 34. Kg2 Qf3+ 35. Kh2 Rf5 0-1